| 000 | 00727nam a2200229 i 4500 | ||
|---|---|---|---|
| 001 | 65558 | ||
| 003 | ES-MaACL | ||
| 005 | 20240125151940.0 | ||
| 007 | t| | ||
| 008 | 040115s1971 mx ||||1| spa d | ||
| 080 | _a301.188.1:331 | ||
| 100 | 1 |
_aFriedmann, Georges. _952641 |
|
| 245 | 1 | 0 |
_aTratado de sociología del trabajo / _cGeorges Friedmann, Pierre Naville ; [traducción de Julieta Campos]. |
| 250 | _a1ª ed., 1ª reimp. | ||
| 260 |
_aMéxico : _bFondo de Cultura Económica, _c1971. |
||
| 300 |
_a2 v. ; _c23 cm. |
||
| 650 | 4 |
_aSociología industrial. _917214 |
|
| 700 | 1 |
_aNaville, Pierre. _985234 |
|
| 700 | 1 |
_aCampos, Julieta, _d1932-2007 _9234944 |
|
| 852 | 4 |
_aES-MaACL _jE-6624-25 |
|
| 999 |
_c65558 _d65558 |
||